000 00888cam a2200265 4500
999 _c22454
_d22454
001 277930
003 BDDh-ASL
005 20231015030132.0
008 700821s1961 miub b 001 0 eng
010 _a 61010988
040 _aDLC
_cDLC
_dDLC
_dBDDh-ASL
043 _aa-ii---
050 0 0 _aDS436
_b.S68
082 0 0 _a954
_bSPI
100 1 _aSpear, Percival,
_d1901-1982.
245 0 0 _aIndia, a modern history /
260 _aAnn Arbor :
_bUniversity of Michigan Press,
_c[1961]
300 _ax, 491, xix p. :
_bmaps.
_c25 cm.
490 1 _aThe University of Michigan history of the modern world
504 _aBibliographical references included in "Notes" (p. [457]-467) Bibliography: p. [469]-488.
651 0 _aIndia
_xHistory.
830 0 _aUniversity of Michigan history of the modern world.
906 _a7
_bcbc
_corignew
_du
_encip
_f19
_gy-gencatlg
942 _2ddc
_cBK